| 000 | 00726nam0a22002291 4500 | ||
|---|---|---|---|
| 001 | rc\1060157 | ||
| 005 | 20260407070920.0 | ||
| 035 | _a(NLR Aleph) 006220959 | ||
| 090 |
_a6469397 _c6469397 |
||
| 100 | _a20041129d1980 |||y0rusy50 ca | ||
| 101 | 0 | _arus | |
| 102 | _aRU | ||
| 105 | _aa ||||||||| | ||
| 200 | 1 | _aСтатьи и речи против фашизма | |
| 210 |
_aУфа _cБашкирское кн. изд-во _d1980 |
||
| 215 |
_a286 с. _cил. _d21 |
||
| 700 | 1 |
_7ca _8rus _aДимитров _bГ. _cгос. и полит. деятель _f1882-1949 _gГеоргий _3RU\NLR\AUTH\770199317 _9199266 |
|
| 801 | 0 |
_aRU _bNLR _gpsbo |
|
| 801 | 1 |
_aRU _bELAR _2rusmarc |
|
| 852 |
_aNLR _j81-3/4558 |
||
| 942 | _cBOOK | ||
| 980 | _aNB | ||